The 2018-2019 UK residential dwellings clay shrinkage subsidence event (Record no. 121507)

MARC details
000 -LEADER
fixed length control field 01075nas a22002417a 4500
007 - PHYSICAL DESCRIPTION FIXED FIELD--GENERAL INFORMATION
fixed length control field ta
008 - FIXED-LENGTH DATA ELEMENTS--GENERAL INFORMATION
fixed length control field 230525e20230330xxk||||| t||| 00| 0 eng d
022 ## - ISSN
ISSN 2398-4708
041 ## - LANGUAGE CODE
Language code of text/sound track or separate title eng
245 ## - TITLE STATEMENT
Title The 2018-2019 UK residential dwellings clay shrinkage subsidence event
490 ## - SERIES TITLE
Series statement International Journal of Building Pathology and Adaptation
Volume 2023
520 ## - ABSTRACT
Abstract The purpose of this paper is to provide a comprehensive overview of the 2018 UK subsidence event year as it relates to trees and low rise buildings in support of general insurance policy. Written by experts at Property Risk Inspection Ltd.
650 ## - KEYWORDS
Keywords CLAY SOIL
650 ## - KEYWORDS
Keywords INSURANCE CLAIMS
650 ## - KEYWORDS
Keywords SHRINKAGE
650 ## - KEYWORDS
Keywords SOIL PLASTICITY
650 ## - KEYWORDS
Keywords SUBSIDENCE
651 ## - SUBJECT ADDED ENTRY--GEOGRAPHIC NAME
Geographic name United Kingdom
700 ## - ADDED PERSONAL NAME
Added personal author MacQueen, Margaret
700 ## - ADDED PERSONAL NAME
Added personal author Lawson, Michael
700 ## - ADDED PERSONAL NAME
Added personal author Ding, Wen-Nyi
856 ## - ONLINE RESOURCE
Uniform Resource Identifier https://propertyriskinspection.co.uk/wp-content/uploads/2023/05/The-2018-2019-UK-residential-dwellings-clay-shrinkage-subsidence-event.pdf
Public note Free to view on Property Risk Inspection's website
Holdings
Withdrawn status Lost status Damaged status Koha normalized classification for sorting Not for loan Home library Current library Shelving location Date acquired Total Checkouts Full call number Date last seen Price effective from Koha item type
      ARTICLE   Virtual Virtual Journal article 25/05/2023   Article 25/05/2023 25/05/2023 Journal article